[Event "Blitz 2018"]
[Site "Saint-Petersburg"]
[Date "2018.12.30"]
[Round "19"]
[Board "50"]
[White "Sakaev Konstantin (RUS)"]
[Black "Paravyan David (RUS)"]
[Result "1/2-1/2"]
[LiveChessVersion "1.4.8"]
[BlackElo "2629"]
[WhiteElo "2551"]

1. Nf3 {[%clk 0:03:03]} f5 {[%clk 0:03:02]} 2. d4 {[%clk 0:03:01]} Nf6
{[%clk 0:03:02]} 3. c4 {[%clk 0:03:01]} g6 {[%clk 0:03:03]} 4. e3
{[%clk 0:03:01]} Bg7 {[%clk 0:03:04]} 5. b4 {[%clk 0:03:01]} O-O {[%clk 0:03:04]}
6. Bb2 {[%clk 0:03:02]} d6 {[%clk 0:03:05]} 7. Be2 {[%clk 0:03:01]} Kh8
{[%clk 0:03:07]} 8. O-O {[%clk 0:02:59]} c6 {[%clk 0:03:08]} 9. Nc3
{[%clk 0:02:55]} Be6 {[%clk 0:03:09]} 10. Qc2 {[%clk 0:02:43]} Bg8
{[%clk 0:03:09]} 11. Rfd1 {[%clk 0:02:41]} Nbd7 {[%clk 0:03:09]} 12. c5
{[%clk 0:02:38]} Qc8 {[%clk 0:02:42]} 13. cxd6 {[%clk 0:02:17]} exd6
{[%clk 0:02:43]} 14. a4 {[%clk 0:02:18]} Nb6 {[%clk 0:02:40]} 15. Nd2
{[%clk 0:02:09]} a6 {[%clk 0:02:38]} 16. Ba3 {[%clk 0:01:50]} Qd7
{[%clk 0:02:36]} 17. b5 {[%clk 0:01:32]} axb5 {[%clk 0:02:37]} 18. axb5
{[%clk 0:01:33]} f4 {[%clk 0:02:27]} 19. e4 {[%clk 0:01:27]} Rfc8
{[%clk 0:02:17]} 20. Bb2 {[%clk 0:01:19]} Rxa1 {[%clk 0:02:15]} 21. Bxa1
{[%clk 0:01:18]} cxb5 {[%clk 0:02:15]} 22. Qb1 {[%clk 0:01:19]} Nc4
{[%clk 0:02:10]} 23. Nf3 {[%clk 0:01:18]} d5 {[%clk 0:01:31]} 24. e5
{[%clk 0:01:13]} Ne8 {[%clk 0:01:30]} 25. Nxb5 {[%clk 0:01:08]} Ra8
{[%clk 0:01:24]} 26. Nc3 {[%clk 0:00:59]} Be6 {[%clk 0:01:19]} 27. Qb4
{[%clk 0:00:55]} Rc8 {[%clk 0:01:10]} 28. h3 {[%clk 0:00:50]} h6 {[%clk 0:01:11]}
29. Rb1 {[%clk 0:00:47]} b6 {[%clk 0:00:50]} 30. Bxc4 {[%clk 0:00:41]} Rxc4
{[%clk 0:00:51]} 31. Qxb6 {[%clk 0:00:42]} Kh7 {[%clk 0:00:52]} 32. Qb5
{[%clk 0:00:41]} Qc8 {[%clk 0:00:50]} 33. Nxd5 {[%clk 0:00:38]} Rc1+
{[%clk 0:00:45]} 34. Rxc1 {[%clk 0:00:39]} Qxc1+ {[%clk 0:00:46]} 35. Kh2
{[%clk 0:00:41]} Qxa1 {[%clk 0:00:38]} 36. Nxf4 {[%clk 0:00:37]} Bf7
{[%clk 0:00:31]} 37. e6 {[%clk 0:00:34]} Qc1 {[%clk 0:00:30]} 38. g3
{[%clk 0:00:29]} Nc7 {[%clk 0:00:32]} 39. Qb6 {[%clk 0:00:17]} Be8
{[%clk 0:00:33]} 40. d5 {[%clk 0:00:18]} Nxd5 {[%clk 0:00:13]} 41. Nxd5
{[%clk 0:00:19]} Qd1 {[%clk 0:00:06]} 42. Nc7 {[%clk 0:00:21]} Ba4
{[%clk 0:00:04]} 43. Qe3 {[%clk 0:00:20]} Qd6 {[%clk 0:00:05]} 44. e7
{[%clk 0:00:13]} Qxc7 {[%clk 0:00:06]} 45. e8=Q {[%clk 0:00:14]} Bxe8
{[%clk 0:00:07]} 46. Qxe8 {[%clk 0:00:15]} Qc5 {[%clk 0:00:06]} 47. Kg2
{[%clk 0:00:16]} Qf5 {[%clk 0:00:07]} 48. Qe3 {[%clk 0:00:16]} Qd5
{[%clk 0:00:09]} 49. Qf4 {[%clk 0:00:16]} Qc6 {[%clk 0:00:09]} 50. h4
{[%clk 0:00:17]} Qd5 {[%clk 0:00:10]} 51. Qg4 {[%clk 0:00:17]} Bf6
{[%clk 0:00:09]} 52. Qf4 {[%clk 0:00:16]} Kg7 {[%clk 0:00:10]} 53. Qc7+
{[%clk 0:00:17]} Kg8 {[%clk 0:00:11]} 54. Qf4 {[%clk 0:00:14]} Kg7
{[%clk 0:00:12]} 55. Kh2 {[%clk 0:00:13]} Qc5 {[%clk 0:00:11]} 56. Qe3
{[%clk 0:00:10]} Qd5 {[%clk 0:00:09]} 57. Qe2 {[%clk 0:00:08]} Kf7
{[%clk 0:00:09]} 58. Ne1 {[%clk 0:00:09]} Qd4 {[%clk 0:00:06]} 59. Ng2
{[%clk 0:00:09]} Be5 {[%clk 0:00:06]} 60. Qf3+ {[%clk 0:00:08]} Kg7
{[%clk 0:00:06]} 61. Kh3 {[%clk 0:00:08]} Qd7+ {[%clk 0:00:07]} 62. Qg4
{[%clk 0:00:08]} Qf7 {[%clk 0:00:07]} 63. f4 {[%clk 0:00:09]} Bf6
{[%clk 0:00:06]} 64. Ne3 {[%clk 0:00:08]} h5 {[%clk 0:00:07]} 65. Qf3
{[%clk 0:00:09]} Qe6+ {[%clk 0:00:08]} 66. f5 {[%clk 0:00:10]} gxf5
{[%clk 0:00:08]} 67. Kg2 {[%clk 0:00:08]} Kg6 {[%clk 0:00:08]} 68. Kh2
{[%clk 0:00:09]} Be5 {[%clk 0:00:05]} 69. Ng2 {[%clk 0:00:10]} Qd6
{[%clk 0:00:05]} 70. Nf4+ {[%clk 0:00:10]} Bxf4 {[%clk 0:00:06]} 71. gxf4
{[%clk 0:00:11]} Qe6 {[%clk 0:00:05]} 72. Qg3+ {[%clk 0:00:12]} Kf7
{[%clk 0:00:06]} 73. Qg5 {[%clk 0:00:14]} Qe2+ {[%clk 0:00:07]} 74. Kg3
{[%clk 0:00:14]} Qe3+ {[%clk 0:00:05]} 75. Kg2 {[%clk 0:00:15]} Qe2+
{[%clk 0:00:06]} 76. Kg3 {[%clk 0:00:16]} Qg4+ {[%clk 0:00:07]} 77. Kf2
{[%clk 0:00:17]} Ke6 {[%clk 0:00:08]} 78. Ke3 {[%clk 0:00:18]} Kd5
{[%clk 0:00:04]} 79. Qd8+ {[%clk 0:00:18]} Ke6 {[%clk 0:00:05]} 80. Qg5
{[%clk 0:00:19]} Kf7 {[%clk 0:00:06]} 1/2-1/2

[Event "Blitz 2018"]
[Site "Saint-Petersburg"]
[Date "2018.12.30"]
[Round "19"]
[Board "51"]
[White "Roiz Michael (ISR)"]
[Black "Miton Kamil (POL)"]
[Result "1/2-1/2"]
[LiveChessVersion "1.4.8"]
[BlackElo "2520"]
[WhiteElo "2617"]

1. Nf3 {[%clk 0:03:02]} d5 {[%clk 0:03:02]} 2. d4 {[%clk 0:03:02]} Nf6
{[%clk 0:03:02]} 3. c4 {[%clk 0:03:03]} e6 {[%clk 0:03:02]} 4. Bg5
{[%clk 0:02:57]} Nbd7 {[%clk 0:03:01]} 5. Nc3 {[%clk 0:02:48]} Be7
{[%clk 0:03:00]} 6. e3 {[%clk 0:02:47]} h6 {[%clk 0:02:58]} 7. Bf4
{[%clk 0:02:36]} c6 {[%clk 0:02:43]} 8. cxd5 {[%clk 0:02:15]} exd5
{[%clk 0:02:28]} 9. Bd3 {[%clk 0:02:15]} Nh5 {[%clk 0:02:20]} 10. Be5
{[%clk 0:02:00]} Nxe5 {[%clk 0:02:15]} 11. Nxe5 {[%clk 0:02:00]} Nf6
{[%clk 0:02:16]} 12. O-O {[%clk 0:01:59]} O-O {[%clk 0:02:12]} 13. Qc2
{[%clk 0:01:53]} Ng4 {[%clk 0:01:56]} 14. Nf3 {[%clk 0:01:50]} Nf6
{[%clk 0:01:55]} 15. Ne5 {[%clk 0:01:48]} Ng4 {[%clk 0:01:55]} 1/2-1/2

[Event "Blitz 2018"]
[Site "Saint-Petersburg"]
[Date "2018.12.30"]
[Round "19"]
[Board "52"]
[White "Mchedlishvili Mikheil (GEO)"]
[Black "Sokolov Andrei (LAT)"]
[Result "1-0"]
[LiveChessVersion "1.4.8"]
[BlackElo "2507"]
[WhiteElo "2607"]

1. d4 d6 2. c4 {[%clk 0:02:59]} e5 {[%clk 0:03:05]} 3. Nc3 {[%clk 0:03:01]} exd4
{[%clk 0:03:06]} 4. Qxd4 {[%clk 0:03:01]} Nc6 {[%clk 0:03:07]} 5. Qd2
{[%clk 0:03:02]} Be6 {[%clk 0:03:02]} 6. b3 {[%clk 0:02:53]} Nf6 {[%clk 0:03:02]}
7. e4 {[%clk 0:02:43]} g6 {[%clk 0:03:03]} 8. Bb2 Bg7 9. Bd3 {[%clk 0:02:34]} O-O
{[%clk 0:03:02]} 10. Nge2 {[%clk 0:02:34]} Ng4 {[%clk 0:03:02]} 11. h3
{[%clk 0:02:25]} Nge5 {[%clk 0:03:01]} 12. Bc2 {[%clk 0:02:20]} Qh4
{[%clk 0:02:41]} 13. Qf4 {[%clk 0:01:58]} Qxf4 {[%clk 0:02:24]} 14. Nxf4
{[%clk 0:01:59]} Nb4 {[%clk 0:02:22]} 15. O-O-O {[%clk 0:01:53]} Nxc2
{[%clk 0:01:53]} 16. Kxc2 {[%clk 0:01:54]} Rfe8 {[%clk 0:01:52]} 17. Rhe1
{[%clk 0:01:51]} Bd7 {[%clk 0:01:37]} 18. Nfd5 {[%clk 0:01:51]} Rac8
{[%clk 0:01:34]} 19. f4 {[%clk 0:01:48]} Nc6 {[%clk 0:01:30]} 20. Nb5
{[%clk 0:01:47]} a6 {[%clk 0:01:20]} 21. Bxg7 {[%clk 0:01:31]} Kxg7
{[%clk 0:01:21]} 22. Nbxc7 {[%clk 0:01:15]} Red8 {[%clk 0:01:15]} 23. Kb2
{[%clk 0:01:16]} f6 {[%clk 0:01:02]} 24. g4 {[%clk 0:01:18]} Kf7 {[%clk 0:01:04]}
25. Rd2 {[%clk 0:01:13]} Rh8 {[%clk 0:00:52]} 26. Rf2 {[%clk 0:01:04]} Kg7
{[%clk 0:00:51]} 27. Rg1 {[%clk 0:01:03]} h5 {[%clk 0:00:48]} 28. g5
{[%clk 0:01:02]} fxg5 {[%clk 0:00:47]} 29. Rxg5 {[%clk 0:01:03]} Bxh3
{[%clk 0:00:47]} 30. f5 {[%clk 0:01:03]} Ne5 {[%clk 0:00:41]} 31. Ka3
{[%clk 0:00:39]} Kh6 {[%clk 0:00:40]} 32. Rg3 {[%clk 0:00:40]} Bg4
{[%clk 0:00:38]} 33. fxg6 {[%clk 0:00:35]} Rcg8 {[%clk 0:00:32]} 34. Nf4
{[%clk 0:00:31]} Nxg6 {[%clk 0:00:32]} 35. Ncd5 {[%clk 0:00:27]} Nxf4
{[%clk 0:00:33]} 36. Rxf4 {[%clk 0:00:28]} Kg5 {[%clk 0:00:16]} 37. Rf7
{[%clk 0:00:14]} b5 {[%clk 0:00:18]} 38. cxb5 {[%clk 0:00:11]} axb5 39. Kb4 h4
{[%clk 0:00:17]} 40. Rg1 {[%clk 0:00:13]} Rg6 {[%clk 0:00:14]} 41. Ne3
{[%clk 0:00:14]} Kh5 {[%clk 0:00:15]} 42. Rf4 {[%clk 0:00:10]} Bf5
{[%clk 0:00:00]} 43. Rh1 {[%clk 0:00:09]} 1-0

[Event "Blitz 2018"]
[Site "Saint-Petersburg"]
[Date "2018.12.30"]
[Round "19"]
[Board "53"]
[White "Gasanov Eldar (UKR)"]
[Black "Zhigalko Andrey (BLR)"]
[Result "1-0"]
[LiveChessVersion "1.4.8"]
[BlackElo "2493"]
[WhiteElo "2581"]

1. d4 {[%clk 0:03:02]} Nf6 {[%clk 0:03:04]} 2. Bg5 {[%clk 0:03:02]} Ne4
{[%clk 0:03:05]} 3. Bf4 {[%clk 0:03:02]} c5 {[%clk 0:03:06]} 4. f3
{[%clk 0:03:02]} Nf6 {[%clk 0:03:07]} 5. d5 {[%clk 0:03:00]} Nh5 {[%clk 0:03:08]}
6. Be3 {[%clk 0:02:57]} e5 {[%clk 0:03:08]} 7. Nc3 {[%clk 0:02:54]} d6
{[%clk 0:03:05]} 8. Bf2 {[%clk 0:02:51]} Be7 {[%clk 0:02:44]} 9. e4
{[%clk 0:02:47]} O-O {[%clk 0:02:42]} 10. g3 {[%clk 0:02:29]} Na6
{[%clk 0:02:28]} 11. f4 {[%clk 0:02:18]} g6 {[%clk 0:02:05]} 12. f5
{[%clk 0:02:05]} Nc7 {[%clk 0:02:00]} 13. Be2 {[%clk 0:02:04]} Ng7
{[%clk 0:01:56]} 14. g4 {[%clk 0:02:01]} b5 {[%clk 0:01:50]} 15. Qd2
{[%clk 0:01:54]} b4 {[%clk 0:01:43]} 16. Nd1 {[%clk 0:01:54]} Bg5
{[%clk 0:01:34]} 17. Be3 {[%clk 0:01:49]} Bxe3 {[%clk 0:00:36]} 18. Nxe3
{[%clk 0:01:39]} Qh4+ {[%clk 0:00:26]} 19. Kf1 {[%clk 0:01:39]} Bd7
{[%clk 0:00:20]} 20. Nf3 {[%clk 0:01:34]} Qe7 {[%clk 0:00:21]} 21. Kf2
{[%clk 0:01:23]} Nb5 {[%clk 0:00:19]} 22. c3 {[%clk 0:01:23]} Rab8
{[%clk 0:00:16]} 23. h4 {[%clk 0:01:20]} bxc3 {[%clk 0:00:13]} 24. bxc3
{[%clk 0:01:21]} Na3 {[%clk 0:00:13]} 25. Qc1 {[%clk 0:01:16]} Nb5
{[%clk 0:00:11]} 26. h5 {[%clk 0:01:10]} g5 {[%clk 0:00:11]} 27. Rb1
{[%clk 0:00:58]} h6 {[%clk 0:00:10]} 28. Qd2 {[%clk 0:00:52]} Nc7
{[%clk 0:00:10]} 29. Rb2 {[%clk 0:00:52]} Rxb2 {[%clk 0:00:07]} 30. Qxb2
{[%clk 0:00:53]} Ra8 {[%clk 0:00:05]} 31. Qb7 {[%clk 0:00:52]} Nge8
{[%clk 0:00:05]} 32. Rb1 {[%clk 0:00:49]} Bc8 {[%clk 0:00:05]} 33. Qb3
{[%clk 0:00:44]} Na6 {[%clk 0:00:04]} 34. Qa4 {[%clk 0:00:43]} Rb8
{[%clk 0:00:04]} 35. Rxb8 {[%clk 0:00:28]} Nxb8 {[%clk 0:00:05]} 36. Bb5
{[%clk 0:00:27]} Nf6 {[%clk 0:00:06]} 37. Nd2 {[%clk 0:00:25]} Bd7
{[%clk 0:00:05]} 38. Qxa7 {[%clk 0:00:25]} Qe8 {[%clk 0:00:05]} 39. Bd3
{[%clk 0:00:15]} Bb5 {[%clk 0:00:03]} 40. c4 {[%clk 0:00:16]} Ba4
{[%clk 0:00:05]} 41. Nb1 {[%clk 0:00:14]} Qc8 {[%clk 0:00:05]} 42. Qxa4
{[%clk 0:00:15]} Na6 {[%clk 0:00:03]} 43. a3 {[%clk 0:00:15]} Qb7
{[%clk 0:00:03]} 44. Qb5 {[%clk 0:00:15]} Qa7 {[%clk 0:00:04]} 45. Nc3
{[%clk 0:00:16]} Nc7 {[%clk 0:00:04]} 46. Qb3 {[%clk 0:00:17]} Kg7
{[%clk 0:00:05]} 47. Kf3 {[%clk 0:00:17]} Qa5 {[%clk 0:00:06]} 48. Ned1
{[%clk 0:00:15]} Nd7 {[%clk 0:00:06]} 49. Qa4 {[%clk 0:00:14]} Qxa4
{[%clk 0:00:06]} 50. Nxa4 {[%clk 0:00:15]} Kf6 {[%clk 0:00:06]} 51. Ndc3
{[%clk 0:00:14]} Ke7 {[%clk 0:00:06]} 52. Nb5 {[%clk 0:00:15]} Ne8
{[%clk 0:00:05]} 53. Bc2 {[%clk 0:00:12]} Kd8 {[%clk 0:00:06]} 54. Nb2
{[%clk 0:00:09]} f6 {[%clk 0:00:05]} 55. a4 {[%clk 0:00:09]} Kc8 {[%clk 0:00:05]}
56. a5 {[%clk 0:00:10]} Nb8 {[%clk 0:00:04]} 57. Ba4 {[%clk 0:00:11]} Kb7
{[%clk 0:00:04]} 58. Ke2 {[%clk 0:00:08]} Ka6 {[%clk 0:00:05]} 59. Nc3
{[%clk 0:00:07]} Nc7 {[%clk 0:00:06]} 60. Kd2 {[%clk 0:00:07]} Kxa5 61. Kc2
{[%clk 0:00:06]} Kb4 {[%clk 0:00:07]} 62. Bb5 {[%clk 0:00:05]} Ka5
{[%clk 0:00:05]} 63. Kb3 {[%clk 0:00:05]} Kb6 {[%clk 0:00:03]} 64. Nba4+
{[%clk 0:00:06]} Ka5 {[%clk 0:00:04]} 65. Nb1 {[%clk 0:00:07]} Nxb5 66. cxb5
{[%clk 0:00:07]} Kxb5 {[%clk 0:00:03]} 67. Nbc3+ {[%clk 0:00:08]} Ka5
{[%clk 0:00:04]} 68. Nb2 {[%clk 0:00:07]} Kb6 {[%clk 0:00:04]} 69. Nc4+
{[%clk 0:00:08]} Kc7 {[%clk 0:00:06]} 70. Nb5+ {[%clk 0:00:10]} Kd7
{[%clk 0:00:07]} 71. Nbxd6 {[%clk 0:00:11]} Na6 {[%clk 0:00:08]} 72. Nb7
{[%clk 0:00:11]} Nb4 {[%clk 0:00:09]} 73. Nxc5+ {[%clk 0:00:11]} 1-0

[Event "Blitz 2018"]
[Site "Saint-Petersburg"]
[Date "2018.12.30"]
[Round "19"]
[Board "54"]
[White "Gareyev Timur (USA)"]
[Black "Dzhumagaliev Yan (RUS)"]
[Result "1-0"]
[LiveChessVersion "1.4.8"]
[BlackElo "2489"]
[WhiteElo "2577"]

1. d4 {[%clk 0:03:02]} Nf6 {[%clk 0:03:03]} 2. c4 e6 3. Nc3 {[%clk 0:03:01]} Bb4
{[%clk 0:03:05]} 4. Nf3 {[%clk 0:02:58]} O-O {[%clk 0:03:02]} 5. Bg5
{[%clk 0:02:59]} h6 {[%clk 0:03:02]} 6. Bh4 {[%clk 0:02:59]} c5 {[%clk 0:03:01]}
7. Qb3 {[%clk 0:03:00]} Nc6 {[%clk 0:02:59]} 8. d5 {[%clk 0:03:00]} exd5
{[%clk 0:02:56]} 9. cxd5 {[%clk 0:03:00]} Na5 {[%clk 0:02:54]} 10. Qc2
{[%clk 0:02:50]} c4 {[%clk 0:02:32]} 11. O-O-O {[%clk 0:02:27]} d6
{[%clk 0:02:32]} 12. Rd4 {[%clk 0:01:29]} Qd7 {[%clk 0:01:42]} 13. Bxf6
{[%clk 0:01:27]} gxf6 {[%clk 0:01:41]} 14. Ne4 {[%clk 0:01:22]} Kg7
{[%clk 0:01:41]} 15. e3 {[%clk 0:01:01]} b5 {[%clk 0:01:19]} 16. Ng3
{[%clk 0:00:57]} Qe7 {[%clk 0:01:05]} 17. Rf4 {[%clk 0:00:57]} f5
{[%clk 0:00:50]} 18. Nd4 {[%clk 0:00:57]} Kh8 {[%clk 0:00:37]} 19. Ndxf5
{[%clk 0:00:58]} Bxf5 {[%clk 0:00:38]} 20. Nxf5 {[%clk 0:00:58]} Qg5
{[%clk 0:00:18]} 21. Rh4 {[%clk 0:00:59]} Nb3+ {[%clk 0:00:19]} 22. axb3
{[%clk 0:00:43]} cxb3 {[%clk 0:00:21]} 23. Qe4 {[%clk 0:00:42]} Rfc8+
{[%clk 0:00:16]} 24. Kb1 {[%clk 0:00:42]} Bd2 {[%clk 0:00:06]} 25. Bd3
{[%clk 0:00:42]} h5 {[%clk 0:00:05]} 26. g4 {[%clk 0:00:42]} Kg8 {[%clk 0:00:06]}
27. Rxh5 {[%clk 0:00:41]} Qf6 {[%clk 0:00:07]} 28. g5 {[%clk 0:00:34]} Qe5
{[%clk 0:00:06]} 29. Ne7+ {[%clk 0:00:33]} Kf8 {[%clk 0:00:07]} 30. Qxe5
{[%clk 0:00:32]} dxe5 {[%clk 0:00:08]} 31. Nxc8 {[%clk 0:00:32]} Kg7
{[%clk 0:00:08]} 32. Rh7+ {[%clk 0:00:33]} Kg8 {[%clk 0:00:10]} 33. Ne7+
{[%clk 0:00:34]} Kf8 {[%clk 0:00:11]} 34. d6 {[%clk 0:00:34]} Rd8
{[%clk 0:00:11]} 35. Rh8+ {[%clk 0:00:33]} Kg7 1-0

[Event "Blitz 2018"]
[Site "Saint-Petersburg"]
[Date "2018.12.30"]
[Round "19"]
[Board "55"]
[White "Bazeev German (RUS)"]
[Black "Huzman Alexander (ISR)"]
[Result "1-0"]
[LiveChessVersion "1.4.8"]
[BlackElo "2543"]
[WhiteElo "2422"]

1. d4 {[%clk 0:03:03]} Nf6 {[%clk 0:03:03]} 2. Nf3 {[%clk 0:03:04]} g6
{[%clk 0:03:03]} 3. c4 {[%clk 0:03:05]} Bg7 4. Nc3 d5 {[%clk 0:03:05]} 5. cxd5
{[%clk 0:03:03]} Nxd5 {[%clk 0:03:06]} 6. Qa4+ {[%clk 0:03:04]} Bd7
{[%clk 0:03:05]} 7. Qa3 {[%clk 0:03:05]} Nb6 {[%clk 0:03:00]} 8. Bf4
{[%clk 0:02:32]} Nc6 {[%clk 0:02:51]} 9. e3 {[%clk 0:02:32]} a5 {[%clk 0:02:50]}
10. Qc5 {[%clk 0:01:50]} Be6 {[%clk 0:02:23]} 11. Nb5 {[%clk 0:01:48]} Nd5
{[%clk 0:02:18]} 12. Bg3 {[%clk 0:01:49]} O-O {[%clk 0:02:18]} 13. Be2
{[%clk 0:01:45]} Ncb4 {[%clk 0:02:08]} 14. e4 {[%clk 0:01:33]} c6
{[%clk 0:01:59]} 15. exd5 {[%clk 0:01:28]} Nxd5 {[%clk 0:02:00]} 16. Na3
{[%clk 0:01:25]} Nb4 {[%clk 0:02:01]} 17. O-O {[%clk 0:01:23]} Bxa2
{[%clk 0:02:01]} 18. Nc4 {[%clk 0:01:13]} Bxc4 {[%clk 0:02:01]} 19. Bxc4
{[%clk 0:01:10]} e6 {[%clk 0:01:59]} 20. Bb3 {[%clk 0:01:07]} h6 {[%clk 0:01:55]}
21. Be5 {[%clk 0:01:07]} Nd3 {[%clk 0:01:54]} 22. Qc3 {[%clk 0:01:08]} Nxe5
{[%clk 0:01:55]} 23. dxe5 {[%clk 0:01:08]} Qc7 {[%clk 0:01:55]} 24. h4
{[%clk 0:01:09]} Rfd8 {[%clk 0:01:52]} 25. h5 {[%clk 0:01:09]} g5
{[%clk 0:01:54]} 26. Bc2 {[%clk 0:01:10]} Rd5 {[%clk 0:01:51]} 27. Rfe1
{[%clk 0:01:09]} Qe7 {[%clk 0:01:50]} 28. Qe3 {[%clk 0:01:09]} Qc5
{[%clk 0:01:48]} 29. Qe4 {[%clk 0:01:10]} Rad8 {[%clk 0:01:45]} 30. Rad1
{[%clk 0:00:52]} Kf8 {[%clk 0:01:30]} 31. g4 {[%clk 0:00:44]} Qb6
{[%clk 0:01:26]} 32. b3 {[%clk 0:00:43]} Qc5 {[%clk 0:01:26]} 33. Qe2
{[%clk 0:00:41]} Qc3 {[%clk 0:01:26]} 34. Be4 {[%clk 0:00:40]} Rxd1
{[%clk 0:01:20]} 35. Rxd1 {[%clk 0:00:40]} Rxd1+ {[%clk 0:01:21]} 36. Qxd1
{[%clk 0:00:41]} Bxe5 {[%clk 0:01:19]} 37. Qd8+ {[%clk 0:00:38]} Kg7
{[%clk 0:01:21]} 38. Qd7 {[%clk 0:00:37]} a4 {[%clk 0:00:52]} 39. Kg2
{[%clk 0:00:33]} Kg8 {[%clk 0:00:46]} 40. Bg6 {[%clk 0:00:26]} fxg6
{[%clk 0:00:45]} 41. hxg6 {[%clk 0:00:28]} 1-0

[Event "Blitz 2018"]
[Site "Saint-Petersburg"]
[Date "2018.12.30"]
[Round "19"]
[Board "56"]
[White "Vokhidov Shamsiddin (UZB)"]
[Black "Maslak Konstantin (RUS)"]
[Result "1-0"]
[LiveChessVersion "1.4.8"]
[BlackElo "2537"]
[WhiteElo "2414"]

1. e4 {[%clk 0:03:03]} e6 {[%clk 0:03:01]} 2. d4 {[%clk 0:03:05]} d5
{[%clk 0:03:03]} 3. Nd2 {[%clk 0:03:06]} dxe4 {[%clk 0:02:54]} 4. Nxe4
{[%clk 0:03:07]} Nd7 {[%clk 0:02:55]} 5. Nf3 {[%clk 0:03:07]} Ngf6
{[%clk 0:02:56]} 6. Bd3 {[%clk 0:03:08]} Nxe4 {[%clk 0:02:56]} 7. Bxe4
{[%clk 0:03:10]} Nf6 {[%clk 0:02:57]} 8. Bg5 {[%clk 0:03:10]} Qd6
{[%clk 0:02:58]} 9. Bd3 {[%clk 0:03:11]} Qb4+ {[%clk 0:02:55]} 10. Bd2
{[%clk 0:03:08]} Qxb2 {[%clk 0:02:55]} 11. O-O {[%clk 0:03:08]} Qa3
{[%clk 0:02:43]} 12. Qe2 {[%clk 0:03:04]} Be7 {[%clk 0:02:39]} 13. c4
{[%clk 0:02:51]} O-O {[%clk 0:02:26]} 14. Bf4 {[%clk 0:02:50]} c6
{[%clk 0:02:12]} 15. Ne5 {[%clk 0:02:42]} Qa5 {[%clk 0:01:57]} 16. Bg5
{[%clk 0:02:38]} Qd8 {[%clk 0:01:42]} 17. Rad1 {[%clk 0:02:28]} Nd7
{[%clk 0:01:26]} 18. Qh5 {[%clk 0:02:23]} f5 {[%clk 0:01:06]} 19. Bf4
{[%clk 0:02:01]} Nf6 {[%clk 0:00:55]} 20. Qf3 {[%clk 0:01:59]} Qe8
{[%clk 0:00:53]} 21. Bc2 {[%clk 0:01:58]} Qh5 {[%clk 0:00:50]} 22. Qg3
{[%clk 0:01:53]} Qe8 {[%clk 0:00:45]} 23. Rfe1 {[%clk 0:01:54]} Nh5
{[%clk 0:00:40]} 24. Qf3 {[%clk 0:01:54]} Nxf4 {[%clk 0:00:40]} 25. Qxf4
{[%clk 0:01:56]} Qd8 {[%clk 0:00:34]} 26. Bb3 {[%clk 0:01:53]} Bd6
{[%clk 0:00:32]} 27. c5 {[%clk 0:01:53]} Bc7 {[%clk 0:00:22]} 28. Qe3
{[%clk 0:01:54]} Kh8 {[%clk 0:00:19]} 29. Nf3 {[%clk 0:01:51]} Re8
{[%clk 0:00:16]} 30. Re2 {[%clk 0:01:29]} Bd7 {[%clk 0:00:14]} 31. Rde1
{[%clk 0:01:22]} Qf6 {[%clk 0:00:14]} 32. Qc3 {[%clk 0:01:13]} b6
{[%clk 0:00:13]} 33. Ne5 {[%clk 0:01:10]} Bxe5 34. Rxe5 {[%clk 0:01:11]} bxc5
{[%clk 0:00:07]} 35. Qxc5 {[%clk 0:01:09]} h6 {[%clk 0:00:07]} 36. h3
{[%clk 0:01:06]} a5 {[%clk 0:00:08]} 37. Qd6 {[%clk 0:01:05]} Rad8
{[%clk 0:00:07]} 38. Rxa5 {[%clk 0:00:59]} Bc8 {[%clk 0:00:07]} 39. Qxc6
{[%clk 0:00:56]} Bd7 {[%clk 0:00:05]} 40. Qc5 {[%clk 0:00:55]} Kh7
{[%clk 0:00:04]} 41. Qe5 {[%clk 0:00:54]} Qxe5 {[%clk 0:00:04]} 42. Raxe5
{[%clk 0:00:54]} Bc8 {[%clk 0:00:05]} 43. d5 {[%clk 0:00:56]} Rd6
{[%clk 0:00:04]} 44. dxe6 {[%clk 0:00:55]} Re7 {[%clk 0:00:05]} 45. Rxf5
{[%clk 0:00:55]} Kg6 {[%clk 0:00:05]} 46. Bc2 {[%clk 0:00:52]} 1-0

[Event "Blitz 2018"]
[Site "Saint-Petersburg"]
[Date "2018.12.30"]
[Round "19"]
[Board "57"]
[White "Zvjaginsev Vadim (RUS)"]
[Black "Usmanov Vasily (RUS)"]
[Result "0-1"]
[LiveChessVersion "1.4.8"]
[BlackElo "2459"]
[WhiteElo "2649"]

1. e4 {[%clk 0:03:03]} d5 {[%clk 0:03:03]} 2. exd5 {[%clk 0:03:03]} Qxd5
{[%clk 0:03:04]} 3. Nf3 {[%clk 0:03:04]} Nf6 {[%clk 0:03:05]} 4. d4
{[%clk 0:03:04]} Bg4 {[%clk 0:03:02]} 5. Be2 {[%clk 0:03:05]} Nc6
{[%clk 0:02:55]} 6. h3 {[%clk 0:03:05]} Bh5 {[%clk 0:02:49]} 7. Be3
{[%clk 0:03:04]} O-O-O {[%clk 0:02:37]} 8. O-O {[%clk 0:03:02]} e5
{[%clk 0:02:26]} 9. c4 {[%clk 0:02:59]} Qa5 {[%clk 0:02:21]} 10. d5
{[%clk 0:02:59]} e4 {[%clk 0:02:16]} 11. Ng5 {[%clk 0:02:24]} Bg6
{[%clk 0:02:17]} 12. Bd2 {[%clk 0:02:26]} Bb4 {[%clk 0:02:18]} 13. dxc6
{[%clk 0:02:25]} Bxd2 {[%clk 0:02:18]} 14. cxb7+ {[%clk 0:02:24]} Kb8
{[%clk 0:02:16]} 15. Nxd2 {[%clk 0:02:20]} Rxd2 {[%clk 0:02:12]} 16. Qc1
{[%clk 0:01:31]} Rxe2 {[%clk 0:02:04]} 17. b4 {[%clk 0:01:32]} Qxb4
{[%clk 0:01:58]} 18. Qf4 {[%clk 0:01:03]} Qd2 {[%clk 0:01:51]} 19. Qg3
{[%clk 0:01:04]} Nh5 {[%clk 0:01:47]} 20. Qg4 {[%clk 0:00:57]} f5
{[%clk 0:01:45]} 21. Qh4 {[%clk 0:00:55]} Qf4 {[%clk 0:01:44]} 0-1